[Event "Negombo op 2nd"]
[Site "Negombo"]
[Date "2016.08.14"]
[Round "3"]
[White "Perera, DGDY Adeekshana"]
[Black "Nanayakkara, JAG Ganganath"]
[Result "0-1"]
[WhiteElo "1233"]
[BlackElo "1569"]
[PlyCount "96"]
[EventDate "2016.08.13"]
[EventType "swiss"]
[EventRounds "9"]
[EventCountry "SRI"]
[SourceTitle "EXT 2019"]
[Source "ChessBase"]
[SourceDate "2018.10.10"]
[SourceVersion "1"]
[SourceVersionDate "2018.10.10"]
[SourceQuality "1"]

1. d4 Nf6 2. Nf3 g6 3. e3 Bg7 4. Bd3 d6 5. b3 Nbd7 6. Bb2 0-0 7. 0-0 Re8 8. Nbd2 b6 9. c4 e5 10. Qc2 Bb7 11. d5 Nc5 12. e4 Nh5 13. b4 Nxd3 14. Qxd3 Nf4 15. Qc2 Bc8 16. c5 g5 17. g3 Ng6 18. c6 Rf8 19. Nc4 f5 20. Ne3 f4 21. Nf5 Qf6 22. g4 Ne7 23. h4 h6 24. h5 Bxf5 25. gxf5 g4 26. Nh2 Qh4 27. f3 g3 28. Ng4 Qxh5 29. Kg2 Qg5 30. Rh1 h5 31. f6 Bxf6 32. Nxf6+ Rxf6 33. Rh3 Rh6 34. Rah1 h4 35. Bc3 Ng6 36. Be1 Kf7 37. Qd2 Kf6 38. Qc1 Nh8 39. Qd2 Nf7 40. Qd3 a6 41. Qd2 Qg7 42. Rxh4 Rah8 43. Rxh6+ Rxh6 44. Rxh6+ Qxh6 45. Kg1 Ng5 46. Qc1 Qh2+ 47. Kf1 g2+ 48. Kf2 g1Q# 0-1